000 03254nam a2200301 i 4500
003 CSPC
005 20260407104157.0
008 260406s2022 ii b 001 0 eng d
020 _a9789393884282
040 _aCSPC
_beng
_cCSPC
_erda
050 0 0 _aRT41
_b.N877 2022
082 0 4 _223
_a610.73
_bN938
245 1 0 _aNursing under covid-19 /
_cedited by K.S.S.N. Neelima.
264 1 _aNew Delhi, India :
_bRandom Publications LLP,
_c2022.
300 _aviii, 312 pages :
_billustrations ;
_c24 cm.
336 _2rdacontent
_atext
337 _2rdamedia
_aunmediated
338 _2rdacarrier
_avolume
504 _aIncludes bibliographical references and index.
505 0 _aIntroduction to nurse role in COVID-19 pandemic -- Nurses' contribution in anti-COVID 19 -- Coronaviruses and acute respiratory syndromes (COVID-19, MERS, and SARS) -- Methods, tools and techniques for geriatric disease prevention and cure -- COVID-19 underscores nurses' role in infection prevention -- Role of a nurse in COVID-19 pandemic: protecting herself from risks -- Nursing and health care management -- Community health diagnoses -- Infection control -- Features, evaluation and treatment coronavirus (COVID-19) -- Evaluation and diagnostic studies -- Intersections of public health nursing -- Nursing and cardiovascular system -- Genetic disorders in humans.
520 _a"The impact of the pandemic on the nursing and midwifery workforce has been unprecedented and will be felt for a long time to come. The crisis has also laid bare and exacerbated longstanding problems faced by nurses and midwives, including in equalities, inadequate working conditions and chronic excessive work pressures. The rapid and undetected spread of COVID-19 and the (potentially) relatively high mortality rate from COVID-19-related pneumonia have combined to create the current pandemic crisis, which is impacting greatly on health, economics, and social life on a global scale. Massive medical manpower and resources have been invested in the prevention and treatment of severe pneumonia, increasing the burdens on, and even threatening the exhaustion of, healthcare systems across the world. Restrictions on normal life, trade activities, and travel as well as lockdowns of cities and countries to prevent the spread of COVID-19 have severely impacted the world economy, threatening an economic depression. The health and wellbeing of nurses and midwives are essential to the quality of care they can provide for people and communities, affecting their compassion, professionalism and effectiveness. Ensuring that working conditions across all settings-in primary, secondary, mental health, community and social care-are supporting nurses and midwives in their work is fundamental to ensuring the best outcomes for people who need health and careservices.This book focuses on their work life experience and what needs to be done to address the problems they face"-- Back cover.
650 1 2 _aNursing
650 1 2 _aCOVID-19
650 0 _aCOVID-19
_xNursing.
700 1 _aNeelima, K.S.S.N.,
_eeditor.
942 _2ddc
_n0
_cBK
_h610.73
_iN938
_kGRD
_m2022
_e23
999 _c32213
_d32213